[Event "New York Manhattan"]
[Site "New York"]
[Date "1998.10.11"]
[Round "4"]
[White "Kacheishvili, Giorgi"]
[Black "Stripunsky, Alexander"]
[Result "1-0"]
[WhiteElo "2510"]
[BlackElo "2520"]
[PlyCount "123"]
[EventDate "1998.10.??"]
[EventType "tourn"]
[EventRounds "9"]
[EventCountry "USA"]
[EventCategory "8"]
[SourceTitle "EXT 1999"]
[Source "ChessBase"]
[SourceDate "1998.11.16"]
[SourceVersion "1"]
[SourceVersionDate "1998.11.16"]
[SourceQuality "1"]

1. b3 {Horn,Peter} d5 2. Bb2 Bg4 3. g3 Nd7 4. Bg2 c6 5. h3 Bh5 6. Nf3 e6 7. O-O Ngf6 8. d3 Bd6 9. Qe1 O-O 10. Nbd2 Re8 11. e4 e5 12. Nh4 Qb6 ({RR} 12... Bg6 13. Nxg6 hxg6 14. Qe2 a5 15. a4 Qc7 16. Rfe1 Nc5 17. Rad1 Ne6 18. Nf3 d4 19. Nd2 b5 20. Ra1 Nd7 21. h4 Nb6 22. Nf3 bxa4 23. bxa4 Nc5 24. Ng5 Nbxa4 25. Ba3 Nc3 26. Qg4 Ne6 27. h5 {Yadegar,R (2401)-Woodward,A (2544) chess.com INT 2025 0-1 (42)}) ({RR} 12... a5 13. a3) ({RR} 12... Qc7) ({RR} 12... Bg6) ({RR} 12... Nf8) ({RR} 12... Nc5) ({RR} 12... Bc5) 13. Kh1 $146 ({RR} 13. Nf5 Bf8 14. Kh1 ({RR} 14. Kh1) 14... Rad8 15. Ne3 Bg6 16. g4 Nc5 17. Rb1 dxe4 18. Nxe4 Ncxe4 19. dxe4 Bb4 20. c3 Bc5 21. Nf5 Qa6 22. a3 h5 23. g5 Nd5 24. b4 Bf8 25. exd5 Bxf5 26. dxc6 Bxb1 27. Qxb1 e4 {Ftacnik,L (2610)-Adianto,U (2605) Jakarta 1996 0-1 (39)}) ({RR} 13. Nf5 Bf8 14. Kh2 Rad8 15. a3 Nc5 16. Rb1 Bg6 17. Nh4 dxe4 ({RR} 17... Bh5) 18. dxe4 Qc7 19. Nxg6 hxg6 20. Rd1 Rd7 21. Qe2 b5 22. b4 Na4 23. Ba1 a5 24. c3 ({RR} 24. bxa5 Qxa5 ({RR} 24... Bxa3 25. Nb3) 25. Nb3 Qd8 26. Rxd7 Qxd7) 24... Red8 25. Nb3 axb4 26. cxb4 ({RR} 26. axb4 Nb6 27. Rxd7 Qxd7 28. f4 Bd6) 26... Nb6 27. Rxd7 Qxd7 {Hickl,J (2600)-Lioe,D (2405) Jakarta 1996 CBM 056 [Horn,Peter] 0-1 (46)} ({RR} 27... Nfxd7 28. Na5) {RR} 28. Bxe5 Nc4 29. Bc3 ({RR} 29. Bxf6 gxf6 30. Ra1 Qd3 31. Qxd3 Rxd3 32. Nc5 Rxa3) 29... Nxa3 30. Rc1 Nc4 ({RR} 30... Qd3 31. Qxd3 Rxd3 32. Bf1 Rd8 ({RR} 32... Rxc3 33. Rxc3 Bxb4 34. Rxc6 Nxe4 35. f3) 33. f3) 31. Bf1) 13... Bb4 14. a3 Bxd2 15. Qxd2 dxe4 16. dxe4 Nc5 17. Rae1 Rad8 18. Qg5 Bg6 19. Nxg6 hxg6 20. Qe3 Nfd7 21. Rd1 Ne6 22. Qe2 g5 23. Rd2 Qc7 24. Rfd1 b6 25. Qe3 Ndf8 26. Rxd8 Rxd8 27. Rxd8 Qxd8 28. Bf3 Nd4 29. Qd2 Qe7 30. Bd1 Qf6 31. c3 Nde6 32. b4 Qd8 33. Qe2 Ng6 34. Bc1 Qd7 35. Kh2 a5 36. bxa5 bxa5 37. Be3 Qd6 38. a4 Qb8 39. Qc4 Qd6 40. Bg4 Ngf8 41. Qa6 Nc5 42. Qxa5 Nxe4 43. Qb4 Qg6 44. a5 Nf6 45. a6 Nd5 46. Qc5 Qc2 47. a7 Qa2 48. Bc8 Nxe3 49. Qxe3 Ne6 50. Bxe6 fxe6 51. Qb6 Kh7 52. Kg2 e4 53. Qxc6 Qxa7 54. Qxe4+ g6 55. Qxe6 Qb7+ 56. Kh2 Qb2 57. Qe7+ Kh6 58. Qe3 Kh7 59. c4 Qb4 60. c5 g4 61. Qe7+ Kh6 62. hxg4 1-0

[Event "USA-ch Gr-B"]
[Site "Denver"]
[Date "1998.11.01"]
[Round "2"]
[White "Kaidanov, Gregory S"]
[Black "Benjamin, Joel"]
[Result "1-0"]
[WhiteElo "2625"]
[BlackElo "2595"]
[Annotator "Horn,Peter"]
[PlyCount "115"]
[EventDate "1998.10.31"]
[EventType "tourn"]
[EventRounds "7"]
[EventCountry "USA"]
[EventCategory "13"]
[SourceTitle "CBM 068"]
[Source "ChessBase"]
[SourceDate "1999.02.01"]
[SourceVersion "1"]
[SourceVersionDate "1999.02.01"]
[SourceQuality "1"]

1. e4 c5 2. Nf3 e6 3. d3 Nc6 4. g3 d5 5. Nbd2 g6 6. Bg2 Bg7 7. O-O Nge7 8. Re1 b6 9. c3 Bb7 10. Qe2 {Hier gibt es reichlich Erfahrung mit den Alternativen:} (10. Nf1) (10. e5) (10. a3) (10. h4) (10. exd5) 10... Qd7 (10... Qc7 11. h4 (11. Nf1 O-O $6 12. e5 Rad8 13. Bf4 Qc8 14. h4 $14 {Vukovic,I-Malfagia,A/Caorle 1988/EXT 99}) (11. exd5 Nxd5 12. Nc4 O-O 13. a4 Rfe8 14. a5 Rad8 15. axb6 axb6 $11 {Jansa,V-Koutsin,S/Austria 1996/EXT 98}) 11... h6 12. Nf1 d4 13. c4 e5 14. h5 Bc8 15. N1h2 O-O 16. Nh4 Bd7 $11 {Davies,N-Raupp,T/BL8788 1988/GER-chT}) (10... Ba6 {So kann Schwarz mit einem Aufwand an Zeit eine Klärung im Zentrum erzwingen.} 11. exd5 exd5 12. Nf1 O-O 13. Bf4 Qd7 (13... Re8 {½-½ Casper,T-Gruenberg,H/DDR-ch Stralsund 1988/EXT 88ch}) 14. Qd2 $14 {Damljanovic,B-Levin,F/Belgrade 1992/CBM 31}) (10... h6 11. h4 Qd7 (11... Qc7 12. Nf1 Rd8 13. e5 Ba6 $6 14. N1h2 Nf5 15. Ng4 b5 16. Nf6+ Kf8 17. Bf4 b4 18. a3 $36 {Domont,A-Goldstern,F/SWZ 1997/EXT 99}) (11... d4 12. c4 e5 13. h5 Qc7 14. Nh4 $13 {Sofieva,A-Mukhin,M/Baku 1991/EXT 99}) 12. a3 Rd8 13. e5 g5 14. hxg5 hxg5 15. Nxg5 Nxe5 16. Ndf3 N7g6 17. d4 Nxf3+ 18. Nxf3 cxd4 19. cxd4 Rc8 20. Bd2 $14 {Van Wely,L-Sadler,M/Monte Carlo 1998/CBM 63 ext Wegen der besseren Königsstellung wäre ich hier lieber Weiß.}) ({RR} 10... h6 11. h4 Qd7 {½-½ (12) Casper,T (2420)-Vogt,L (2460) Leipzig 1988}) ({RR} 10... h6 11. h4 Qd7 12. a3 Rd8 13. e5 g5 14. hxg5 hxg5 15. Nxg5 Nxe5 16. Ndf3 N7g6 17. d4 Nxf3+ 18. Nxf3 cxd4 19. cxd4 Rc8 20. Bd2 Rc7 21. Qd3 Kd8 22. Ng5 Re8 23. Bh3 Nf8 24. Rac1 Rxc1 25. Rxc1 {Van Wely,L (2605)-Sadler,M (2650) Monte Carlo 1998 1-0 (33)}) ({RR} 10... a5 11. exd5 Nxd5 12. Ne4 Qc7 13. c4 Nde7 14. Bf4 e5 15. Bg5 O-O 16. Nf6+ Kh8 17. Nxe5 Nxe5 18. Qxe5 Qxe5 19. Rxe5 Bxg2 20. Rxe7 h6 21. Kxg2 hxg5 22. Nd7 Rfd8 23. Rxf7 Ra7 24. Ne5 Bxe5 25. Rxa7 {Ozer,O (2337)-Wueest,A (2234) chess.com INT 2024 1-0 (31)}) 11. Nf1 h6 12. h4 dxe4 {Schwarz deutet an, daß er nicht an einer prinzipiellen Auseinandersetzung interessiert ist: der Tausch kommt Weiß etwas entgegen.} (12... d4 13. c4 e5 14. h5 g5 (14... O-O $5) 15. N3h2 Nd8 16. a3 a5 17. Rb1 Ne6 18. Bh3 $16 {Titov,G-Khait,A/Warsaw op 1992}) 13. dxe4 $146 {In Casper-Vogt/Leipzig/1988 wurde hier remis gegeben.} O-O-O 14. Ne3 Qd3 15. Qxd3 Rxd3 16. Bf1 {Dieses Endspiel ist für Weiß angenehmer zu spielen.} Rd7 17. Nc4 {[%cal Ya2a4]} b5 $6 {Ohne diesen Zug bleibt Weiß wegen des dominierenden c4 klar in der Vorderhand.} 18. Ncd2 $146 (18. Ne3 a6 19. a4 c4 (19... Na5 {Georgadze} 20. axb5 Nb3 21. Ra4 $1 Nxc1 22. Rxc1 $16) 20. axb5 axb5 21. Nc2 $14 {[%csl Rb5,Rc4] Georgadze,G-Conquest,S/Calcutta op 1994}) (18. Na3 {Georgadze} b4 19. cxb4 Nxb4 $13) 18... c4 (18... b4 $6 19. e5 $1) 19. a4 a6 20. axb5 {Eigentlich ist erst das neu:} ({Georgadze gab nur an:} 20. e5 g5 $1 $132) 20... axb5 21. Nb1 $1 $16 {[%csl Rb5][%cal Yb1a3,Yb2b3] Es zeigt sich, daß der schwarze -flügel schwach ist.} Nb8 22. Na3 ({Fritz möchte gleich zur Sache gehen. Der Partieverlauf zeigt aber, daß Weiß sich damit ruhig Zeit lassen kann.} 22. b3 b4 (22... cxb3 23. Ra3 $16) 23. Ra4 Nbc6 24. bxc4 bxc3 25. e5 g5 26. Nxc3 gxh4 {Hier hat Schwarz mehr Gegenspiel als nach 28.b3.}) 22... Bc6 23. Bf4 Rhd8 (23... g5 24. hxg5 hxg5 25. Bxg5 $16) 24. Ne5 Bxe5 25. Bxe5 $16 {[%csl Ge5]} Ra7 26. Bf4 (26. b3 $5) 26... h5 27. f3 Kb7 28. b3 cxb3 29. Reb1 $18 Nd7 30. Nxb5 (30. Rxb3 $6 Rda8 31. Bxb5 Bxb5 32. Rxb5+ Kc6 {wäre weniger klar.}) 30... Rxa1 31. Rxa1 Bxb5 (31... e5 32. Be3 $18) 32. Bxb5 Nc5 (32... Nc6 33. Rb1 Na5 34. Rd1 $18) 33. Be3 Rc8 34. Rb1 f5 35. Bc4 fxe4 36. fxe4 Kc6 (36... Nxe4 37. Rxb3+ Kc7 38. Bxe6 $18) 37. Bxc5 Kxc5 38. Bxe6 Rd8 39. Rxb3 Rd3 40. Kf2 Nc6 41. Ra3 Ne5 42. Bh3 Rd2+ 43. Kf1 Kc4 44. Ra5 Nf3 45. Bg2 Nh2+ 46. Kg1 Ng4 47. Bf3 Nf2 (47... Kxc3 48. Bxg4 hxg4 49. Rg5 $18) 48. Kf1 Kxc3 49. e5 Nd3 50. Be2 Nb4 51. Rc5+ Kb2 52. e6 Nd5 53. Ke1 Rd4 54. Rc4 Rxc4 55. Bxc4 Ne7 56. Kd2 Nf5 57. Bd3 Ne7 58. Bc2 1-0

[Event "Catalunya-chT"]
[Site "Spain"]
[Date "1999.??.??"]
[Round "2"]
[White "Comas Fabrego, Luis"]
[Black "Magem Badals, Jordi"]
[Result "1-0"]
[WhiteElo "2560"]
[BlackElo "2575"]
[PlyCount "105"]
[EventDate "1999.??.??"]
[EventType "team"]
[EventRounds "9"]
[EventCountry "ESP"]
[SourceTitle "EXT 2000"]
[Source "ChessBase"]
[SourceDate "1999.11.16"]
[SourceVersion "1"]
[SourceVersionDate "1999.11.16"]
[SourceQuality "1"]

1. Nf3 d5 2. g3 Bg4 3. Bg2 Nd7 4. O-O e5 5. d4 e4 6. Ne5 Be6 7. c4 c6 8. Nc3 $146 ({RR} 8. cxd5 cxd5 9. Nc3 Bd6 10. Nxd7 Qxd7 11. f3 f5 12. fxe4 fxe4 13. Qb3 Ne7 14. Bg5 Nc6 15. Nb5 Bb8 16. Qa3 a6 17. Rf2 h6 18. Raf1 Ne7 19. Bxe7 Qxe7 20. Qa5 Qd7 21. Nc3 Bc7 22. Qb4 Bd6 {Lenderman,A (2614)-Shirov,A (2718) St Petersburg 2012 1-0 (58)}) 8... Ngf6 9. cxd5 cxd5 10. Qb3 Qb6 11. Bf4 Qxb3 12. axb3 a6 13. Nxd7 Bxd7 14. Na4 Bb5 15. Nb6 Rd8 16. Bc7 Bxe2 17. Bxd8 Kxd8 18. Rac1 Bxf1 19. Bxf1 g6 20. Bh3 Bg7 21. Rc8+ Ke7 22. Rc7+ Kf8 23. Rxb7 h5 24. Rb8+ Ne8 25. Nxd5 f5 26. Nf4 Rh6 27. Ne6+ Ke7 28. Nxg7 Nxg7 29. Rb7+ Kf8 30. Rb6 Ke7 31. d5 Ne8 32. Bxf5 Nd6 33. Bxe4 a5 34. Bd3 g5 35. Ra6 Rf6 36. Ra7+ Kd8 37. Rxa5 Rf3 38. Bc4 h4 39. gxh4 gxh4 40. Kg2 Rf4 41. Ra8+ Ke7 42. Ra7+ Kf6 43. Rh7 Ne4 44. f3 Ng5 45. Rh6+ Kg7 46. Rh5 Kg6 47. Rh8 Kg7 48. Re8 Rxf3 49. d6 h3+ 50. Kg1 Rf5 51. d7 Nf3+ 52. Kh1 Ra5 53. Re1 1-0

[Event "ISR-chT"]
[Site "Israel"]
[Date "1999.05.07"]
[Round "10"]
[White "Kogan, Artur"]
[Black "Zilberman, Yaacov"]
[Result "1-0"]
[WhiteElo "2507"]
[BlackElo "2513"]
[PlyCount "57"]
[EventDate "1999.01.??"]
[EventType "team"]
[EventRounds "11"]
[EventCountry "ISR"]
[SourceTitle "EXT 2000"]
[Source "ChessBase"]
[SourceDate "1999.11.16"]
[SourceVersion "1"]
[SourceVersionDate "1999.11.16"]
[SourceQuality "1"]

1. Nf3 {Gormally,Daniel} Nf6 2. g3 b5 3. Bg2 Bb7 4. Na3 a6 ({RR} 4... b4 5. Nc4 Nc6 ({RR} 5... a5) 6. Nd4 d5 7. Nxc6 Bxc6 8. Na5) 5. c4 b4 6. Nc2 e6 ({RR} 6... c5 7. O-O e6 8. d4 cxd4 9. Ncxd4 Be7 10. b3 O-O 11. Bb2 d6 12. Qd2 Qb6 13. a3 bxa3 14. Bxa3) 7. d4 Be7 ({RR} 7... a5 8. O-O Be7 ({RR} 8... Be4) 9. d5 Na6 ({RR} 9... exd5 10. Nfd4 c6 11. cxd5 Nxd5 12. Nf5 O-O 13. e4) 10. Nfd4 Nc5 11. Re1 O-O 12. e4 e5 13. Nf5 d6 14. Bg5 ({RR} 14. Qf3 Nfd7) 14... Nxd5 ({RR} 14... h6 15. Bh4 ({RR} 15. Bxh6 gxh6 16. Qd2 Bc8) ({RR} 15. Be3 Bc8 ({RR} 15... Nfxe4 16. Bxe4 Nxe4 17. Qg4 Ng5 18. h4 h5 19. Nxe7+) 16. Qf3 Ncxe4) ({RR} 15. Bd2 Nd3 16. Bxh6 Nxe1 17. Bxg7 Bc8 ({RR} 17... Nxc2 18. Qxc2 Bc8) 18. Nce3 Nxg2 19. Kxg2 Re8) 15... Kh7 16. f4 Ng8 17. Nxe7 Nxe7 18. Ne3 f6) 15. Bh6 gxh6 16. Qg4+ Bg5 17. cxd5 Kh8 18. h4 Bf6 19. Nce3 Bc8 20. Qf3 Bg7 21. Bh3 Rg8 22. Bg4 {Carlsen,M (2863)-Vachier Lagrave,M (2765) Shamkir 2015 CBM 166 [Gormally,Daniel] 1-0 (54)}) ({RR} 7... c5 8. d5 exd5 9. Nh4 g6 10. Ne3 Bg7 11. Nxd5 Nxd5 12. Bxd5 Nc6 13. Ng2 O-O 14. Nf4) ({RR} 7... Be4 8. O-O Be7 9. Bg5 a5 10. Ne5 Bxg2 11. Kxg2 O-O 12. Qd3 d6 13. Qf3 Ra7 14. Nd3) 8. a3 $146 ({RR} 8. O-O O-O 9. a3 bxa3 10. b4 d5 11. c5 Bc6 12. Ne5 Ba4 13. Rxa3 Qe8 14. Bf4 Qb5 15. Qd2 Bxc2 16. Ra5 Qb7 17. Qxc2 Qxb4 18. Ra4 Qb7 19. Rb1 Qc8 20. Rab4 a5 21. Rb7 Na6 22. Nc6 Bd8 {Bernabeu Lopez,C (2413)-Malicka,M (2183) Oviedo ESP 2024 ½-½ (59)}) ({RR} 8. O-O O-O 9. Bf4 Be4 10. Qd2 a5 11. Rac1 Qc8 12. Rfd1 Qb7 13. Nce1 d6 14. Bh3 Nc6 15. Ng5 Bg6 16. Bg2 e5 17. c5 exf4 18. cxd6 Bxd6 19. Bxc6 Qc8 20. Bxa8 Qxa8 21. Ng2 Qd5 22. gxf4 h6 {Notaros,K (2360)-Mujic,H (2315) Pula 1990 1-0 (33)}) 8... a5 9. axb4 axb4 10. Bd2 Nc6 11. O-O Ne4 12. d5 Na5 13. Bxb4 Nxc4 14. dxe6 dxe6 15. Qd3 Ned6 16. Nfd4 Bxg2 17. Kxg2 Ne5 18. Qc3 Bf6 19. Nc6 Nxc6 20. Qxc6+ Ke7 21. Ne3 Qd7 22. Qe4 Rxa1 23. Rxa1 Rb8 24. Bxd6+ cxd6 25. Nd5+ Kf8 26. Qxh7 g6 27. Nxf6 Qb7+ 28. e4 Qxb2 29. Qh8+ 1-0

[Event "Linares Anibal op 06th"]
[Site "Linares"]
[Date "1999.01.13"]
[Round "6"]
[White "Minasian, Artashes"]
[Black "Nogueiras Santiago, Jesus"]
[Result "1-0"]
[WhiteElo "2620"]
[BlackElo "2510"]
[PlyCount "67"]
[EventDate "1999.01.??"]
[EventType "swiss"]
[EventRounds "10"]
[EventCountry "ESP"]
[SourceTitle "CBM 068 Extra"]
[Source "ChessBase"]
[SourceDate "1999.03.01"]
[SourceVersion "1"]
[SourceVersionDate "1999.03.01"]
[SourceQuality "1"]

1. Nf3 d5 2. g3 b6 3. Bg2 Bb7 4. O-O e6 5. d3 Nf6 6. Nbd2 Nbd7 7. b3 Bc5 ({RR} 7... Be7 8. Bb2 O-O 9. e3 Bd6 10. Qe2 Qe7 11. e4 Ba3 12. Bxa3 Qxa3 13. e5 Ne8 14. h4 Qe7 15. Rfe1 c5 16. c4 Nc7 17. Nf1 f6 18. exf6 Qxf6 19. N1h2 d4 20. Ng5 Bxg2 21. Kxg2 h6 22. Ne4 {Sasikiran,K (2611)-Harikrishna,P (2504) Lausanne 2001 1-0 (39)}) ({RR} 7... a5 8. a4 Be7 9. Bb2 O-O 10. Ne5 Nxe5 11. Bxe5 Nd7 12. Bb2 Bf6 13. Bxf6 Qxf6 14. e4 Qc3 15. Rc1 Rfe8 16. Qe2 h6 17. f4 dxe4 18. Bxe4 Qd4+ 19. Qf2 Qxf2+ 20. Kxf2 Bxe4 21. Nxe4 Rad8 22. Rfe1 {Perossa,N (2269)-Papasimakopoulos,A (2402) chess.com INT 2024 0-1 (48)}) 8. Bb2 O-O 9. a3 a5 10. c4 $146 ({RR} 10. h3 Re8 11. Re1 e5 12. e4 Bd6 13. Nh4 g6 14. c4 dxe4 15. dxe4 Nc5 16. Qc2 Bf8 17. Bf1 Nfd7 18. Rad1 Bg7 19. Nb1 Qe7 20. Nc3 c6 21. Nf3 Ne6 22. Na4 Rad8 23. h4 Nec5 24. Nxc5 Nxc5 {Koshil,T (2233)-Skrynnikov,D Kaluga 2003 1-0 (54)}) ({RR} 10. e4 dxe4 11. Ng5 Be7 12. Ngxe4 Rb8 13. f4 Nxe4 14. dxe4 Re8 15. Qe2 Bf8 16. Rad1 Qe7 17. Nf3 Rbd8 18. e5 Nb8 19. Kh1 Rxd1 20. Rxd1 Rd8 21. Re1 Qd7 22. g4 Bc5 23. Ra1 Nc6 24. Qe1 Qc8 {Praggnanandhaa,R (2532)-Chekletsov,I (2379) Riga 2018 ½-½ (31)}) 10... Qe7 11. Qc2 Rfe8 12. e3 Rac8 13. cxd5 exd5 14. b4 axb4 15. axb4 Bxb4 16. Ra7 Ba8 17. Bh3 d4 18. Bxd4 Bxd2 19. Nxd2 Nd5 20. Qb2 Rcd8 21. Bxg7 Ne5 22. Bh6 f6 23. e4 Nxd3 24. Qc2 Qf7 25. exd5 Bxd5 26. Qa4 Qh5 27. Qg4+ Qxg4 28. Bxg4 Re7 29. Bf5 Nb4 30. Bf4 Bf7 31. Ne4 Nd5 32. Rd1 Kg7 33. Rxc7 Nxf4 34. Rxd8 1-0

[Event "Hoogovens 5'"]
[Site "Wijk aan Zee"]
[Date "1999.01.18"]
[Round "12"]
[White "Anand, Viswanathan"]
[Black "Svidler, Peter"]
[Result "1-0"]
[WhiteElo "2784"]
[BlackElo "2713"]
[PlyCount "69"]
[EventDate "1999.01.18"]
[EventType "tourn (blitz)"]
[EventRounds "13"]
[EventCountry "NED"]
[EventCategory "17"]
[SourceTitle "CBM 068 Extra"]
[Source "ChessBase"]
[SourceDate "1999.03.01"]
[SourceVersion "1"]
[SourceVersionDate "1999.03.01"]
[SourceQuality "1"]

1. Nf3 d5 2. c4 d4 3. g3 g6 4. d3 Bg7 5. Bg2 e5 6. b4 ({RR} 6. Nbd2 Ne7 7. b4 a5 8. b5 c5 9. bxc6 Nexc6 10. Ba3 Nb4 11. Bxb4 axb4 12. Qb3 Nc6 13. a3 Qe7 14. O-O bxa3 15. Ne1 O-O 16. Nc2 f5 17. Rxa3 Rxa3 18. Nxa3 e4 19. dxe4 f4 20. Rb1 Ne5 {Tkachiev,V (2649)-Inarkiev,E (2680) Khanty-Mansiysk 2013 1-0 (50)}) 6... Nd7 $146 ({RR} 6... Ne7 7. a4 O-O 8. O-O c6 9. Nbd2 Qc7 10. Bb2 Nd7 11. a5 Rb8 12. Ra3 b6 13. Qa1 bxa5 14. Rxa5 Rxb4 15. Rxa7 Rb7 16. Ra2 Rb8 17. Ba3 c5 18. Rb1 Bb7 19. Rab2 Bc6 20. Rxb8 Rxb8 21. Rxb8+ {Schroeder,V (2166)-Schlager,T (2282) Baden 2003 ½-½}) ({RR} 6... a5 7. b5 Ne7 8. O-O O-O 9. a4 Re8 10. Ba3 h6 11. Ra2 Be6 12. Re1 Nd7 13. e3 c5 14. bxc6 Nxc6 15. exd4 exd4 16. Rb2 Qc8 17. Nbd2 Nde5 18. Ne4 Bg4 19. Nxe5 Bxd1 20. Nd6 Qe6 21. Bd5 {Olsen,F (2440)-Goncalves,S (2190) chess.com INT 2024 1-0}) ({RR} 6... Ne7 7. Bb2 a5 8. a3 axb4 9. axb4 Rxa1 10. Bxa1 c5 11. Qa4+ Bd7 12. b5 O-O 13. Nbd2 Na6 14. Nb3 Qb6 15. O-O Nc7 16. Qa5 Qd6 17. Qa7 b6 18. Nfd2 f5 19. Bb2 e4 20. dxe4 Ra8 21. e5 {Voigt,U (1902)-Geisensetter,F (2041) Schney 2007 ½-½ (75)}) 7. Nbd2 Nh6 8. O-O f6 9. b5 O-O 10. a4 Nf7 11. a5 Rb8 12. Ne1 f5 13. Nc2 Nf6 14. Nb4 Bd7 15. Nb3 b6 16. axb6 axb6 17. Ra7 f4 18. Ba3 Nd6 19. Na6 Rc8 20. Rxc7 Rxc7 21. Bxd6 Ra7 22. Bxe5 fxg3 23. hxg3 Ng4 24. Bxg7 Kxg7 25. Qa1 Bc8 26. Nxd4 Qf6 27. Nc6 Qxa1 28. Rxa1 Raf7 29. f4 Ne3 30. Bf3 h6 31. Nab4 g5 32. Nd5 gxf4 33. Nxf4 Nf5 34. Nh5+ Kh8 35. Ne5 1-0

[Event "Nova Gorica op 04th"]
[Site "Nova Gorica"]
[Date "1999.02.03"]
[Round "7"]
[White "Miles, Anthony John"]
[Black "Pavasovic, Dusko"]
[Result "1-0"]
[WhiteElo "2609"]
[BlackElo "2502"]
[PlyCount "129"]
[EventDate "1999.01.28"]
[EventType "swiss"]
[EventRounds "9"]
[EventCountry "SLO"]
[SourceTitle "CBM 068 Extra"]
[Source "ChessBase"]
[SourceDate "1999.03.01"]
[SourceVersion "1"]
[SourceVersionDate "1999.03.01"]
[SourceQuality "1"]

1. Nf3 d5 2. e3 Nf6 3. b3 Bg4 4. Bb2 Nbd7 5. h3 Bxf3 6. Qxf3 e6 7. d3 ({RR} 7. c4 c6 8. Qd1 Bd6 9. Be2 a6 10. O-O Bb8 11. d4 Qc7 12. f4 g5 13. Nc3 gxf4 14. exf4 Ba7 15. c5 Rg8 16. b4 Nf8 17. Qe1 Ng6 18. Qf2 Bb8 19. Bc1 Ne4 20. Nxe4 dxe4 21. Bc4 Qd7 {Anton Guijarro,D (2617)-Topalov,V (2800) Caleta 2015 0-1 (57)}) ({RR} 7. g3 Bd6 8. Bg2 Qe7 9. a3 c6 10. d3 O-O-O 11. Nd2 Kb8 12. b4 h5 13. Qe2 Nb6 14. Rb1 h4 15. g4 Nfd7 16. c4 dxc4 17. dxc4 Be5 18. O-O f5 19. b5 Bxb2 20. Rxb2 Ne5 21. gxf5 Nd3 {Liyanage,R (2366)-Mahindrakar,I (2039) Bhubaneswar IND 2024 1-0 (49)}) ({RR} 7. g4 h6 8. h4 Qe7 9. Be2 O-O-O 10. Nc3 Ne5 11. Qg2 Nc6 12. O-O-O Qb4 13. g5 Nd7 14. Qg4 Qxg4 15. Bxg4 d4 {½-½ (15) Bawart,M (2358)-Pavasovic,D (2544) Austria 2000}) 7... Bd6 8. Nd2 Qe7 9. Qd1 $146 ({RR} 9. a3 O-O 10. g3 b5 11. Bg2 a5 12. e4 c6 13. O-O Be5 14. d4 Bc7 15. Rfe1 a4 16. c4 bxc4 17. bxc4 Rfb8 18. Bc3 Qd8 19. Rab1 Ba5 20. Qe3 Qc7 21. Rec1 Qa7 22. Qd3 Qa6 23. Qc2 Bb6 {Blees,A (2225)-Kuijf,M (2430) Ramsgate 1984 1-0 (61)}) 9... O-O 10. Be2 Ba3 11. Qc1 Bxb2 12. Qxb2 a5 13. a3 c6 14. O-O e5 15. Rfe1 b5 16. c4 bxc4 17. bxc4 Rfb8 18. Qc3 Nc5 19. cxd5 cxd5 20. Rec1 Na4 21. Qc6 Qd7 22. Nf3 Qxc6 23. Rxc6 e4 24. Nd4 Nb2 25. dxe4 dxe4 26. Rac1 Nd3 27. Bxd3 exd3 28. Rd1 Ne4 29. f3 Ng3 30. Kf2 Ne2 31. Rxd3 Nxd4 32. exd4 Rb2+ 33. Kg3 Kf8 34. d5 a4 35. d6 Rb7 36. Rc7 Rb3 37. Rd4 Rxa3 38. Rf4 f6 39. Re4 Rd3 40. Ree7 Rxd6 41. Rf7+ Kg8 42. Rxg7+ Kh8 43. Rxh7+ Kg8 44. Ra7 Rxa7 45. Rxa7 Rd4 46. f4 Rd3+ 47. Kg4 a3 48. Kf5 Rg3 49. Kxf6 Kh8 50. f5 Rxg2 51. Ra8+ Kh7 52. Rxa3 Rf2 53. Re3 Kg8 54. Re8+ Kh7 55. Re4 Rf3 56. h4 Rf1 57. Ke6 Kg7 58. Rg4+ Kh7 59. f6 Re1+ 60. Kf7 Re2 61. Kf8 Ra2 62. Re4 Ra8+ 63. Re8 Ra6 64. f7 Ra7 65. Rd8 1-0

[Event "Goodricke op 10th"]
[Site "Kolkata"]
[Date "1999.02.10"]
[Round "5"]
[White "Fedorov, Alexei"]
[Black "Dolmatov, Sergey"]
[Result "1-0"]
[WhiteElo "2645"]
[BlackElo "2585"]
[PlyCount "71"]
[EventDate "1999.02.06"]
[EventType "swiss"]
[EventRounds "11"]
[EventCountry "IND"]
[SourceTitle "CBM 069 Extra"]
[Source "ChessBase"]
[SourceDate "1999.05.10"]
[SourceVersion "1"]
[SourceVersionDate "1999.05.10"]
[SourceQuality "1"]

1. e4 e6 2. d3 c5 3. Nf3 Nc6 4. c3 d5 5. Qe2 Nge7 6. g3 g6 7. Bg2 Bg7 8. O-O b6 9. Na3 Ba6 10. e5 h6 11. h4 Qc7 12. Re1 b5 ({RR} 12... O-O-O 13. Rb1 g5 14. hxg5 Ng6 15. gxh6 Bxe5 16. b4 Bxc3 17. b5 Bxe1 18. Qxe1 Bb7 19. bxc6 Bxc6 20. d4 c4 21. Nb5 Bxb5 22. Rxb5 Qc6 23. Rb1 Kb7 24. Ne5 Nxe5 25. Qxe5 Qa4 26. Bg5 Qxa2 27. Re1 {Morozevich,A (2749)-Lastin,A (2628) Moscow 2001 1-0 (32)}) 13. Nc2 $146 ({RR} 13. b4 cxb4 14. cxb4 Nxb4 15. Rb1 Nbc6 16. Nxb5 Bxb5 17. Rxb5 Rb8 18. Rc5 Qb6 19. Be3 Qa6 20. Rec1 O-O 21. Qd2 Nxe5 22. Nxe5 Bxe5 23. Ra5 Qd6 24. Bc5 Qd7 25. Rxa7 Rb7 26. Rxb7 Qxb7 27. Qxh6 Rc8 {Strikovic,A (2565)-Vehi Bach,V (2410) Zaragoza 1998 1-0 (39)}) 13... b4 14. cxb4 cxb4 15. Bf4 Qb6 16. Qd2 h5 17. d4 Nf5 18. Bh3 Bc8 19. b3 Bd7 20. Rac1 a5 21. Bxf5 gxf5 22. Bg5 Na7 23. Bf6 Bxf6 24. exf6 Nb5 25. Qg5 O-O-O 26. Nxb4+ Kb7 27. Nd3 Nxd4 28. Nxd4 Qxd4 29. Red1 Kb6 30. Nc5 Qe5 31. Qg7 Bc6 32. Qxf7 d4 33. Na4+ Bxa4 34. bxa4 Qd6 35. Rb1+ Kc5 36. Qb7 1-0

[Event "Saint Vincent op"]
[Site "Saint Vincent"]
[Date "1999.02.13"]
[Round "8"]
[White "Loginov, Valery A"]
[Black "Godena, Michele"]
[Result "1-0"]
[WhiteElo "2532"]
[BlackElo "2552"]
[PlyCount "85"]
[EventDate "1999.02.06"]
[EventType "swiss"]
[EventRounds "9"]
[EventCountry "ITA"]
[SourceTitle "CBM 068 Extra"]
[Source "ChessBase"]
[SourceDate "1999.03.01"]
[SourceVersion "1"]
[SourceVersionDate "1999.03.01"]
[SourceQuality "1"]

1. Nf3 Nf6 2. g3 b5 3. Bg2 Bb7 4. O-O e6 5. d3 Be7 6. e4 d6 7. a4 b4 8. a5 ({RR} 8. Nbd2 a5 9. Nc4 Nbd7 10. Re1 O-O 11. h3 c5 12. Nfd2 d5 13. exd5 Bxd5 14. Nb3 Bxg2 15. Kxg2 Qc8 16. Qf3 Bd8 17. Bf4 Bc7 18. Bxc7 Qxc7 19. Re2 Nd5 20. h4 Ra6 21. Nbd2 N5b6 22. h5 h6 {Firouzja,A (2760)-Bartel,M (2629) chess.com INT 2025 1-0 (58)}) 8... a6 ({RR} 8... c5 9. Nbd2 O-O 10. c3 bxc3 11. bxc3 Nbd7 12. Re1 Rb8 13. Qc2 Qc7 14. Nc4 Ba6 15. Bf4 e5 16. Bg5 Rb7 17. Bxf6 Nxf6 18. Nfd2 Rfb8 19. Rf1 Bd8 20. f4 Qe7 21. Qd1 Bc7 22. Qf3 Qe6 23. h3 {Yurasov,M (2271)-Gilfanov,M (2376) Moscow RUS 2025 ½-½ (76)}) 9. c3 Nc6 $146 ({RR} 9... bxc3 10. bxc3 Nbd7 11. Re1 O-O 12. Nbd2 Rb8 13. Qc2 d5 14. e5 Ne8 15. h4 c5 16. Nf1 Bc6 17. c4 Qc7 18. Bf4 Qb7 19. Qe2 Nc7 20. h5 Rfe8 21. h6 g6 22. N1h2 Qa8 23. Ng4 d4 24. Reb1 {Blomqvist,E (2541)-Karttunen,M (2450) Sastamala 2016 1-0 (47)}) 10. Nbd2 O-O 11. d4 bxc3 12. bxc3 Na7 13. Re1 d5 14. exd5 exd5 15. Ne5 Nb5 16. Bb2 Qc8 17. Nb3 Rb8 18. Nc5 Ba8 19. Qc2 Re8 20. Re2 Nd6 21. Rae1 Nde4 22. Nxe4 dxe4 23. c4 c5 24. d5 Bd6 25. Nc6 Bxc6 26. dxc6 Qxc6 27. Bxf6 gxf6 28. Bxe4 Qc7 29. Bxh7+ Kf8 30. Qd2 Rxe2 31. Qh6+ Ke7 32. Rxe2+ Be5 33. f4 Rb2 34. Qh5 Qd7 35. fxe5 Qd1+ 36. Kf2 Qd4+ 37. Kg2 fxe5 38. Rxb2 Qxb2+ 39. Kh3 Qd4 40. Qe2 Qd7+ 41. Kg2 f6 42. Be4 Qc7 43. Qd2 1-0